000 00473nam a2200181Ia 4500
003 GCL
008 140319s9999 xx 000 0 eng d
040 _aGCL /
_cGCL
082 0 4 _a750
_bW Y
100 1 _aWYK, HELEN VAN
245 1 0 _aYOUR PAINTING QUESTIONS ANSWERED FROM A TO Z /
_cWYK, HELEN VAN
700 1 _aROGOFF, HERB
260 _a[S.N] :
_bART INSTRUCTION ASSOCIATION ،
_c1988
300 _a199 P
650 0 4 _aARTS
650 0 4 _aPAINTING
942 _2ddc
_cBK
999 _c15708
_d15708